000 00290nam a2200121 a 4500
008 100916s1992|||| d
245 1 0 _aBosonohá princezná
100 1 _aDurieuxová, Evelyn
260 _bMladé letá
_aBratislava
_c1992
020 _c88
041 _aslo
044 _axo
_cSK
999 _c10380
_d10380